| 000 | 01378cam a22003854i 4500 | ||
|---|---|---|---|
| 003 | PE-LiUPU | ||
| 005 | 20250731184055.0 | ||
| 008 | 150617s r 000 0 d | ||
| 035 | _a(Sirsi) a18323 | ||
| 040 |
_aPE-LiUPU _bspa _cPE-LiUPU _erda |
||
| 049 | _aPRUA | ||
| 082 | 0 | 4 |
_a803.08 _bB48 _221 |
| 100 | 1 |
_aHugo, Víctor, _eautor. |
|
| 245 | 1 | 4 |
_aLos trabajadores del mar / _cVicotr Hugo. |
| 264 | 1 |
_aMadrid : _bE.D.A.F., _c1965. |
|
| 300 |
_a460 páginas , retrato ; _c19 cm. |
||
| 336 |
_atext _2rdacontent |
||
| 337 |
_aunmediated _2rdamedia |
||
| 338 |
_avolume _2rdacarrier |
||
| 490 | 0 |
_aBiblioteca Edaf ; _v48 |
|
| 505 | 0 | _aEl archipiélago de la mancha. -Los trabajadores del mar - Sieur Clubin. -Giliat del maligno. -Déruchette. | |
| 526 | _aP145 | ||
| 526 | _aP127 | ||
| 526 | _aP97 | ||
| 526 | _aP14 | ||
| 526 | _aP07 | ||
| 650 | 0 | 4 |
_aLiteratura francesa _ySiglo XIX. |
| 910 |
_ajck _bjvq _cjck _d20150616 |
||
| 942 |
_2ddc _cBOOK |
||
| 949 |
_a803.08 B48 _wDEWEY _c1 _i19773 _lCCODEBUL1 _mBUL _p00.00 _r0 _sY _tBOOK _u19811105 _xEDUCACION _zUNKNOWN _0COMPRA _o.STAFF. Colección General |
||
| 994 |
_aC0 _bPEPRU |
||
| 596 | _a1 | ||
| 999 |
_a803.08 B48 _wDEWEY _c18002 _i19773 _d18002 _f2021-11-5 _g5 _lCCODEBUL1 _mBUL _q2 _r0 _sY _tBOOK _u2015-6-17 _xBIBLIOTECA _zUNKNOWN _0COMPRA _o.STAFF. Colección General |
||
| 980 |
_81 _gALBERTO SANCHEZ Responsable de Automatización |
||